MARC

LEADER 00000cam a2200000 7i4500
001 0000031018
005 20250729.0
008 241001 my a f may
040 |a INS   |b eng   |c INS   |e rda 
041 0 |a may   |a eng 
090 0 0 |a M625   |b 2023 
110 1 |a Penerapan nilai murni : Institut keluarga bahagia ke arah kecemerlangan prestasi ,   |d 2023 24 - 25 Julai   |c INSPEN, Bangi 
245 0 0 |a Penerapan nilai murni : Institut keluarga bahagia ke arah kecemerlangan prestasi :   |b 24 - 25 Julai 2023   |c Anjuran Pusat Pembangunan Profesional, INSPEN 
264 1 |a Bangi :   |b Institut Penilaian Negara   |c 2023 
300 |a 1 volume (various pagings) :   |b illustrations ;   |c 30 cm. 
336 |a text  |2 rdacontent 
337 |a unmediated  |2 rdamedia 
338 |a volume  |2 rdacarrier 
546 |a Teks Bahasa Melayu 
650 0 |a Domestic relations   |x Law and legislation 
650 0 |a Families   |x Moral and ethical aspects 
650 0 |a Family   |x Psychological aspects 
650 0 |a Family   |x Religious aspects 
650 0 |a Marriage   |x Moral and ethical aspects 
653 |a Family responsibilities 
653 |a Husband's duties 
653 |a Offences and penalties 
653 |a Wife's duties 
710 1 |a INSPEN (Institut Penilaian Negara) 
830 0 |a Program Latihan 2023 
999 |a M000001366   |b BOOK   |c Course Notes   |e Default branch